| 000 | 00940nam a2200253 i 4500 | ||
|---|---|---|---|
| 001 | 172652 | ||
| 003 | ES-MaACL | ||
| 005 | 20231201062954.0 | ||
| 008 | 090807s1947 fr |||| | fre d | ||
| 080 | _a821.161.1"18" | ||
| 100 | 1 |
_aPushkin, Aleksandr Sergueevich, _d1799-1837 _994427 |
|
| 245 | 1 | 3 |
_aLe convive de pierre _b; La roussalka / _cPouchkine ; texte russe présenté et traduit par Henri Thomas. |
| 246 | 1 | 0 | _aRoussalka |
| 260 |
_a[Paris] : _bSeuil, _c1947 ( _fImp. de Nemours) |
||
| 300 |
_a165, [3] p., [2] h. ; _c18 cm. |
||
| 490 | 1 | _aLe don des langues | |
| 546 | _aTexto paralelo en ruso y francés. | ||
| 546 | _aIntroducción en francés. | ||
| 598 | _aCollection poétique dirigée par Pierre Leyris. | ||
| 700 | 1 |
_aThomas, Henri. _9110017 |
|
| 830 | 0 |
_aLe don des langues _9223413 |
|
| 852 | 4 |
_aES-MaACL _jE-12940 _9R.139471 _z. - Biblioteca Jacinto Martínez Lacalle |
|
| 999 |
_c172652 _d172652 |
||